Práva a povinnosti dieťaťa, žiaka a ich zákonných zástupcov
Zákon č. 245/ 2008 Z. z. o výchove a vzdelávaní (školský zákon) stanovuje nielen princípy, ciele, podmienky, rozsah, obsah, formy a organizáciu výchovy a vzdelávania v školách, či dĺžku a plnenie povinnej školskej dochádzky, ale aj práva a povinnosti detí a žiakov, rodičov, alebo inej fyzickej osoby...
Salvato in:
| Autore principale: | |
|---|---|
| Natura: | Capitolo di libro |
| Lingua: | slovacco |
| Soggetti: | |
| Tags: |
Nessun Tag, puoi essere il primo ad aggiungerne!!
|
MARC
| LEADER | 00000naa a2200000 4500 | ||
|---|---|---|---|
| 001 | 0315247 | ||
| 005 | 20260304084020.6 | ||
| 041 | 0 | |a slo | |
| 044 | |a SK | ||
| 245 | 1 | 0 | |a Práva a povinnosti dieťaťa, žiaka a ich zákonných zástupcov |c Miroslav Tichý |
| 520 | |a Zákon č. 245/ 2008 Z. z. o výchove a vzdelávaní (školský zákon) stanovuje nielen princípy, ciele, podmienky, rozsah, obsah, formy a organizáciu výchovy a vzdelávania v školách, či dĺžku a plnenie povinnej školskej dochádzky, ale aj práva a povinnosti detí a žiakov, rodičov, alebo inej fyzickej osoby než rodiča, ktorá má dieťa zverené do osobnej starostlivosti alebo do pestúnskej starostlivosti na základe rozhodnutia súdu, poručníka alebo opatrovníka. | ||
| 610 | 2 | 0 | |a školstvo |
| 610 | 2 | 0 | |a vzdelávanie |
| 610 | 2 | 0 | |a dochádzka školská povinná |
| 610 | 2 | 0 | |a deti |
| 610 | 2 | 0 | |a žiaci |
| 610 | 2 | 0 | |a úpravy právne |
| 610 | 2 | 0 | |a zákony |
| 100 | 1 | |a Tichý, Miroslav | |